[Event "TCh-FRA Top 12 2017"]
[Site "Chartres FRA"]
[Date "2017.05.19"]
[Round "2.1"]
[Board "2"]
[White "Brochet, Philippe"]
[Black "Istratescu, Andrei"]
[Result "1/2-1/2"]
[WhiteTitle "IM"]
[BlackTitle "GM"]
[WhiteElo "2409"]
[BlackElo "2596"]
[WhiteTeam "Echecs Club MONTPELLIER"]
[BlackTeam "MULHOUSE Philidor"]
[WhiteFideId "602469"]
[BlackFideId "1200372"]
[EventDate "2017.05.18"]

1. d4 Nf6 2. Nf3 b6 3. Bg5 e6 4. e4 h6 5. Bxf6 Qxf6 6. Nc3 Bb4 7. Bd3 Bb7 8. O-O
Bxc3 9. bxc3 O-O 10. Nd2 d5 11. e5 Qe7 12. f4 c5 13. f5 exf5 14. Bxf5 Nc6 15.
Qg4 Bc8 16. Rf4 Qg5 17. Bxc8 Raxc8 18. Qf3 cxd4 19. cxd4 Ne7 20. Nf1 Rxc2 21.
Ne3 Rc3 22. h4 Qg6 23. Nf5 Rc7 24. Nxe7+ Rxe7 25. Qxd5 Qe6 26. Qxe6 fxe6 27.
Rxf8+ Kxf8 28. Rc1 Rd7 29. Rc4 Ke7 30. Kf2 Kd8 31. Ke3 Rc7 32. Kd3 Kd7 33. Ra4
a5 34. Ra3 Rc1 35. Ke4 Rh1 36. g3 Re1+ 37. Kd3 Rc1 38. Ke4 Kc6 39. Rf3 Re1+ 40.
Kd3 Rg1 41. Ke4 Re1+ 42. Kd3 Rg1 43. Ke4 1/2-1/2

[Event "TCh-FRA Top 12 2017"]
[Site "Chartres FRA"]
[Date "2017.05.19"]
[Round "2.1"]
[Board "4"]
[White "Grollemund, Bertrand"]
[Black "Heimann, Andreas"]
[Result "1/2-1/2"]
[BlackTitle "GM"]
[WhiteElo "2182"]
[BlackElo "2573"]
[WhiteTeam "Echecs Club MONTPELLIER"]
[BlackTeam "MULHOUSE Philidor"]
[WhiteFideId "619523"]
[BlackFideId "24624632"]
[EventDate "2017.05.18"]

1. e4 c5 2. Nf3 e6 3. d4 cxd4 4. Nxd4 Nc6 5. Nc3 Qc7 6. Be3 a6 7. f4 Nxd4 8.
Qxd4 b5 9. O-O-O Bb7 10. Bd3 Rc8 11. Rhe1 Nh6 12. g3 f6 13. a3 Be7 14. Be2 Nf7
15. Bh5 g6 16. Bf3 Nd6 17. Rd3 Nc4 18. Red1 Kf7 19. Bg1 Rhd8 20. Qf2 b4 21. axb4
Bxb4 22. Na2 Be7 23. Kb1 Qa5 24. Qe1 Qa4 25. Bd4 Ba8 26. Bc3 Rb8 27. Ka1 Qxc2
28. Qe2 Qxe2 29. Bxe2 Bc6 30. Rd4 Ne3 31. Rc1 Bc5 32. Rd2 Bxe4 33. Bxf6 Kxf6 34.
Rxc5 Rdc8 35. Rxc8 Rxc8 36. Nc3 Bc6 37. Kb1 a5 38. Bd3 Rb8 39. Re2 Nd5 40. Ne4+
Ke7 41. Kc1 Rc8 42. Kd2 Nb4 43. Bb1 Bxe4 44. Rxe4 d5 45. Re3 Kf6 46. h4 Rc4 47.
Ra3 Rc5 48. g4 Nc6 49. h5 Rc4 50. g5+ Kf7 51. hxg6+ hxg6 52. Rh3 Rxf4 53. Rh7+
Kg8 54. Rc7 Ne5 55. Re7 Rf2+ 56. Ke3 Rxb2 57. Rxe6 Rxb1 58. Kd4 Nf3+ 59. Kxd5
Rb5+ 1/2-1/2

[Event "TCh-FRA Top 12 2017"]
[Site "Chartres FRA"]
[Date "2017.05.19"]
[Round "2.1"]
[Board "8"]
[White "Guerlin Dit De Guer, Clarisse"]
[Black "Choisy, Mathilde"]
[Result "0-1"]
[BlackTitle "WFM"]
[WhiteElo "1278"]
[BlackElo "2153"]
[WhiteTeam "Echecs Club MONTPELLIER"]
[BlackTeam "MULHOUSE Philidor"]
[WhiteFideId "45149500"]
[BlackFideId "634565"]
[EventDate "2017.05.18"]

1. e4 c5 2. Nf3 e6 3. d4 cxd4 4. Qxd4 Nc6 5. Qd1 Nf6 6. Nc3 Qc7 7. g3 Bb4 8. Bd2
a6 9. Bg2 O-O 10. O-O Bxc3 11. Bxc3 Nxe4 12. Nd4 Nxc3 13. bxc3 d5 14. Qg4 Nxd4
15. cxd4 Bd7 16. Rac1 Rac8 17. c3 Bb5 18. Rfe1 Qa5 19. Re3 Qxa2 20. Rce1 Qb2 21.
f4 Rxc3 22. Qe2 Bxe2 23. R1xe2 Qc1+ 24. Kf2 Rxe3 25. Rxe3 Rc8 0-1

[Event "TCh-FRA Top 12 2017"]
[Site "Chartres FRA"]
[Date "2017.05.19"]
[Round "2.2"]
[Board "2"]
[White "Neiksans, Arturs"]
[Black "Jobava, Baadur"]
[Result "1/2-1/2"]
[WhiteTitle "GM"]
[BlackTitle "GM"]
[WhiteElo "2599"]
[BlackElo "2713"]
[WhiteTeam "Les Tours de Haute Picardie, SAINT QUENTIN"]
[BlackTeam "TREMBLAY EN FRANCE"]
[WhiteFideId "11601388"]
[BlackFideId "13601520"]
[EventDate "2017.05.18"]

1. e4 e5 2. Nf3 Nf6 3. d4 Nxe4 4. Bd3 d5 5. dxe5 Nc6 6. O-O Bg4 7. Nc3 Nxc3 8.
bxc3 Bc5 9. Re1 O-O 10. h3 Bh5 11. g4 Bg6 12. Bf4 d4 13. c4 Nb4 14. Bg5 Be7 15.
Bxe7 Qxe7 16. Bf5 Rad8 17. a3 Na6 18. Re4 Nc5 19. Rxd4 Ne6 20. Rxd8 Rxd8 21. Qe2
Bxf5 22. gxf5 Ng5 23. Rd1 Nxh3+ 24. Kh2 Rxd1 25. Qxd1 Ng5 1/2-1/2

[Event "TCh-FRA Top 12 2017"]
[Site "Chartres FRA"]
[Date "2017.05.19"]
[Round "2.2"]
[Board "4"]
[White "Sumets, Andrey"]
[Black "Shchekachev, Andrei"]
[Result "1/2-1/2"]
[WhiteTitle "GM"]
[BlackTitle "GM"]
[WhiteElo "2566"]
[BlackElo "2538"]
[WhiteTeam "Les Tours de Haute Picardie, SAINT QUENTIN"]
[BlackTeam "TREMBLAY EN FRANCE"]
[WhiteFideId "14105500"]
[BlackFideId "4107730"]
[EventDate "2017.05.18"]

1. d4 Nf6 2. c4 g6 3. Nc3 Bg7 4. e4 d6 5. Nf3 O-O 6. Be2 e5 7. O-O a5 8. Re1 Na6
9. Be3 Ng4 10. Bg5 Qe8 11. h3 h6 12. Bh4 Nf6 13. Bf1 Nh5 14. dxe5 dxe5 15. Nd5
g5 16. Bg3 Nxg3 17. fxg3 Qd8 18. Qc2 c6 19. Ne3 Nc5 20. Rad1 Qf6 21. Be2 Qg6 22.
Nd2 f5 23. exf5 Bxf5 24. Nxf5 Qxf5 25. Qxf5 Rxf5 26. Bg4 1/2-1/2

[Event "TCh-FRA Top 12 2017"]
[Site "Chartres FRA"]
[Date "2017.05.19"]
[Round "2.2"]
[Board "5"]
[White "Bellahcene, Bilel"]
[Black "Kveinys, Aloyzas"]
[Result "1/2-1/2"]
[WhiteTitle "IM"]
[BlackTitle "GM"]
[WhiteElo "2452"]
[BlackElo "2520"]
[WhiteTeam "TREMBLAY EN FRANCE"]
[BlackTeam "Les Tours de Haute Picardie, SAINT QUENTIN"]
[WhiteFideId "696358"]
[BlackFideId "12800040"]
[EventDate "2017.05.18"]

1. e4 c5 2. Nf3 e6 3. c4 Nc6 4. d4 cxd4 5. Nxd4 Nf6 6. Nc3 Bb4 7. Nxc6 bxc6 8.
Bd3 e5 9. O-O Bc5 10. Rb1 a5 11. Qe2 d6 12. h3 Be6 13. Be3 Nd7 14. Na4 Bxe3 15.
Qxe3 O-O 16. Be2 Qe7 17. Rbd1 Nc5 18. Nc3 Rfd8 19. Rd2 Rab8 20. f4 f6 21. f5 Bf7
22. Rfd1 h6 23. h4 Kh7 24. Kh2 Rb4 25. b3 Rbb8 26. Rb1 Rb4 27. Rbd1 Rbb8 28. Rb1
Rb4 29. Rbd1 1/2-1/2

[Event "TCh-FRA Top 12 2017"]
[Site "Chartres FRA"]
[Date "2017.05.19"]
[Round "2.3"]
[Board "1"]
[White "Li, Chao b"]
[Black "Wojtaszek, Radoslaw"]
[Result "1/2-1/2"]
[WhiteTitle "GM"]
[BlackTitle "GM"]
[WhiteElo "2722"]
[BlackElo "2734"]
[WhiteTeam "NICE Alekhine"]
[BlackTeam "CLICHY Echecs 92"]
[WhiteFideId "8604436"]
[BlackFideId "1118358"]
[EventDate "2017.05.18"]

1. d4 Nf6 2. Bf4 e6 3. e3 b6 4. Nf3 Be7 5. h3 O-O 6. Nbd2 c5 7. c3 cxd4 8. exd4
Ba6 9. Bxa6 Nxa6 10. O-O Qc8 11. a4 Nc7 12. Re1 Ncd5 13. Bh2 Re8 14. Qb3 d6 15.
Qa3 Rd8 16. c4 Nc7 17. b4 Qb7 18. a5 b5 19. a6 Qc6 20. c5 Rac8 21. Qa5 Ncd5 22.
Rac1 Qd7 23. Nb3 h6 24. cxd6 Bxd6 25. Ne5 Qe8 26. Nc5 Bc7 27. Qa3 Nb6 28. Qa1
Rd5 29. Nb7 Nc4 30. Nxc4 Bxh2+ 31. Kxh2 bxc4 32. Nc5 1/2-1/2

[Event "TCh-FRA Top 12 2017"]
[Site "Chartres FRA"]
[Date "2017.05.19"]
[Round "2.3"]
[Board "2"]
[White "Tregubov, Pavel V."]
[Black "Gharamian, Tigran"]
[Result "1/2-1/2"]
[WhiteTitle "GM"]
[BlackTitle "GM"]
[WhiteElo "2584"]
[BlackElo "2626"]
[WhiteTeam "CLICHY Echecs 92"]
[BlackTeam "NICE Alekhine"]
[WhiteFideId "4115341"]
[BlackFideId "13301527"]
[EventDate "2017.05.18"]

1. d4 Nf6 2. c4 e6 3. Nc3 Bb4 4. e3 O-O 5. Bd3 d5 6. a3 Bxc3+ 7. bxc3 dxc4 8.
Bxc4 c5 9. Ne2 Qc7 10. Ba2 b6 11. O-O Ba6 12. Bb2 Nc6 13. Rc1 Rfd8 14. c4 cxd4
15. exd4 b5 16. d5 bxc4 17. Bxc4 Bxc4 18. Rxc4 exd5 19. Rc2 Qd6 20. Ng3 d4 21.
Nf5 Qf4 22. Nxg7 Ne5 23. Nh5 Nf3+ 24. gxf3 Nxh5 25. Rc4 Rab8 26. Rxd4 Rxd4 27.
Qxd4 Qxd4 28. Bxd4 a6 29. Re1 f6 30. Re4 Kf7 31. Be3 Rc8 32. Kf1 Ng7 33. Rh4 Rc3
34. Ra4 Nf5 35. Ke2 Nxe3 36. fxe3 Rc2+ 37. Kd3 Rxh2 38. Rxa6 h5 39. Ke4 Rg2 40.
f4 h4 41. Ra7+ Kg8 42. Ra5 Kg7 43. Rh5 Ra2 44. Rxh4 Rxa3 45. Rg4+ Kf7 46. f5
Ra4+ 47. Kf3 Ra5 48. Kf4 Ra4+ 49. e4 Ra3 50. Rh4 Kg7 51. Rh1 Rb3 52. Ra1 Kf7 53.
Re1 Ra3 54. Re3 Rxe3 55. Kxe3 Ke7 56. Kd3 Kd7 57. Kc3 Kc7 58. Kd2 Kd8 59. Ke3
Ke7 60. Kf4 Kf8 61. Ke3 1/2-1/2

[Event "TCh-FRA Top 12 2017"]
[Site "Chartres FRA"]
[Date "2017.05.19"]
[Round "2.4"]
[Board "1"]
[White "Kryvoruchko, Yuriy"]
[Black "Solodovnichenko, Yuri"]
[Result "1/2-1/2"]
[WhiteTitle "GM"]
[BlackTitle "GM"]
[WhiteElo "2714"]
[BlackElo "2576"]
[WhiteTeam "GRASSE Echecs"]
[BlackTeam "VANDOEUVRE Echecs"]
[WhiteFideId "14109182"]
[BlackFideId "14104369"]
[EventDate "2017.05.18"]

1. e4 c5 2. Nf3 e6 3. d4 cxd4 4. Nxd4 Nf6 5. Nc3 d6 6. g4 h6 7. h4 Nc6 8. Rg1 d5
9. exd5 Nxd5 10. Nxd5 exd5 11. Be3 Qxh4 12. Qf3 Nxd4 13. Bxd4 Qe7+ 14. Be2 Qe4
15. Qxe4+ dxe4 16. O-O-O Bd7 17. Bc4 Bc6 18. Rge1 Be7 19. Bxg7 Rg8 20. Bxh6 Rxg4
21. Rg1 Rxg1 22. Rxg1 Bf8 23. Rg8 Ke7 24. Bg5+ f6 25. Be3 b6 26. Rh8 Kd7 27. Bf1
Bd5 28. c4 Rc8 29. Rxf8 Rxf8 30. cxd5 Kd6 31. Kd2 Kxd5 32. Bf4 Kd4 33. Ba6 Rg8
34. Ke2 f5 35. a4 Rg1 36. Bd2 Ke5 37. Bc3+ Kf4 38. Be1 Ke5 39. Bc8 Rg8 40. Bc3+
Kf4 41. Bb7 Rg1 42. b4 Rb1 43. Bd5 Rh1 44. a5 bxa5 45. bxa5 Rh3 46. Bb2 Rd3 47.
Bc4 Rd6 48. Bc1+ Ke5 49. Be3 Rc6 50. Bb5 Rc2+ 51. Kd1 Rc7 52. a6 f4 53. Bc1 e3
54. fxe3 Rxc1+ 55. Kxc1 fxe3 1/2-1/2

[Event "TCh-FRA Top 12 2017"]
[Site "Chartres FRA"]
[Date "2017.05.19"]
[Round "2.4"]
[Board "2"]
[White "Donchenko, Alexander"]
[Black "Kuzubov, Yuriy"]
[Result "1/2-1/2"]
[WhiteTitle "GM"]
[BlackTitle "GM"]
[WhiteElo "2563"]
[BlackElo "2637"]
[WhiteTeam "VANDOEUVRE Echecs"]
[BlackTeam "GRASSE Echecs"]
[WhiteFideId "24603295"]
[BlackFideId "14112906"]
[EventDate "2017.05.18"]

1. Nf3 d5 2. g3 Bg4 3. Bg2 Nd7 4. h3 Bh5 5. O-O e6 6. d3 Ngf6 7. Nc3 c6 8. e4
Bb4 9. Qe2 O-O 10. e5 Ne8 11. g4 Bg6 12. a3 Be7 13. Qe3 Nc7 14. Ne2 f6 15. Nf4
Nxe5 16. Nxe5 fxe5 17. Nxg6 hxg6 18. Qxe5 Bd6 19. Qg5 Qxg5 20. Bxg5 Bf4 21. Be7
Rfe8 22. Bc5 e5 23. c4 Ne6 24. Bb4 d4 25. Bd6 e4 26. Bxf4 Nxf4 27. Bxe4 Nxh3+
28. Kh2 Nf4 29. Kg3 g5 30. Rh1 Kf7 31. b4 Rac8 32. f3 Rh8 33. a4 Ke7 34. Rae1
Rxh1 35. Rxh1 a5 36. bxa5 Kd6 37. Rb1 Kc7 38. Rh1 Kd6 39. Rb1 Kc7 40. Rh1 Kd6 1/2-1/2

[Event "TCh-FRA Top 12 2017"]
[Site "Chartres FRA"]
[Date "2017.05.19"]
[Round "2.4"]
[Board "5"]
[White "Dorfman, Iossif"]
[Black "Brunner, Nicolas"]
[Result "1/2-1/2"]
[WhiteTitle "GM"]
[BlackTitle "IM"]
[WhiteElo "2560"]
[BlackElo "2459"]
[WhiteTeam "GRASSE Echecs"]
[BlackTeam "VANDOEUVRE Echecs"]
[WhiteFideId "604011"]
[BlackFideId "620246"]
[EventDate "2017.05.18"]

1. d4 d5 2. c4 e6 3. Nf3 c6 4. Nbd2 f5 5. g3 Nf6 6. Bg2 Bd6 7. O-O Qe7 8. Ne5
O-O 9. Ndf3 b6 10. Bf4 Bb7 11. Qb3 c5 12. dxc5 Bxc5 13. Rfd1 dxc4 14. Nxc4 Ne4
15. Be3 Nd7 16. Bxc5 Ndxc5 17. Qe3 Rad8 18. Nfe5 Rxd1+ 19. Rxd1 Rd8 20. Rxd8+
Qxd8 21. Bxe4 Nxe4 22. f3 Nf6 23. Qd2 Qxd2 24. Nxd2 Kf8 25. Kf2 Ke7 26. Ke3 Nd5+
27. Kd4 Nc7 28. a4 Na6 29. Nb1 Nc5 30. Nc3 a5 31. Nc4 Nd7 32. Ne5 Nc5 1/2-1/2

[Event "TCh-FRA Top 12 2017"]
[Site "Chartres FRA"]
[Date "2017.05.19"]
[Round "2.4"]
[Board "6"]
[White "Libiszewski, Fabien"]
[Black "Nezar, Mustapha"]
[Result "1/2-1/2"]
[WhiteTitle "GM"]
[BlackTitle "IM"]
[WhiteElo "2544"]
[BlackElo "2354"]
[WhiteTeam "GRASSE Echecs"]
[BlackTeam "VANDOEUVRE Echecs"]
[WhiteFideId "616834"]
[BlackFideId "608637"]
[EventDate "2017.05.18"]

1. Nf3 Nf6 2. c4 g6 3. g3 Bg7 4. Bg2 O-O 5. O-O d6 6. d4 Nc6 7. Nc3 e5 8. dxe5
Nxe5 9. Nxe5 dxe5 10. Qxd8 Rxd8 11. Bg5 Rd4 12. b3 c6 13. Rad1 Be6 14. Be3 Rxd1
15. Rxd1 Bf8 16. Ne4 Nxe4 17. Bxe4 f5 18. Bc2 Kf7 19. Kg2 Ba3 20. Bg5 Be7 21. h4
a5 22. e4 fxe4 23. Bxe4 a4 24. Bc2 axb3 25. Bxb3 Bc5 26. Rd8 Rxd8 27. Bxd8 Bf5 1/2-1/2

[Event "TCh-FRA Top 12 2017"]
[Site "Chartres FRA"]
[Date "2017.05.19"]
[Round "2.5"]
[Board "1"]
[White "Godard, Maxence"]
[Black "Laznicka, Viktor"]
[Result "1/2-1/2"]
[WhiteTitle "IM"]
[BlackTitle "GM"]
[WhiteElo "2329"]
[BlackElo "2672"]
[WhiteTeam "Club d' Echecs Lexovien, LISIEUX"]
[BlackTeam "C.E. de BOIS COLOMBES"]
[WhiteFideId "603694"]
[BlackFideId "316385"]
[EventDate "2017.05.18"]

1. d4 Nf6 2. Nf3 e6 3. c4 b6 4. a3 Bb7 5. Nc3 d5 6. cxd5 exd5 7. g3 Be7 8. Bg2
O-O 9. O-O h6 10. Bf4 a5 11. Ne5 Qe8 12. Rc1 Bd6 13. Nd3 Bxf4 14. Nxf4 Qd7 15.
Qa4 Rd8 16. Qxd7 Rxd7 17. Rfd1 a4 18. Nd3 Ra5 19. Ne5 Re7 20. Nc4 Ra8 21. Ne3 c6
22. Nf5 Re6 23. f3 Nbd7 24. e4 dxe4 1/2-1/2

[Event "TCh-FRA Top 12 2017"]
[Site "Chartres FRA"]
[Date "2017.05.19"]
[Round "2.5"]
[Board "4"]
[White "Vernay, Clovis"]
[Black "Colin, Vincent"]
[Result "1/2-1/2"]
[WhiteTitle "IM"]
[BlackTitle "IM"]
[WhiteElo "2501"]
[BlackElo "2381"]
[WhiteTeam "C.E. de BOIS COLOMBES"]
[BlackTeam "Club d' Echecs Lexovien, LISIEUX"]
[WhiteFideId "633046"]
[BlackFideId "612324"]
[EventDate "2017.05.18"]

1. d4 Nf6 2. c4 g6 3. Nc3 Bg7 4. e4 d6 5. f3 O-O 6. Be3 a6 7. Qd2 Nc6 8. Nge2
Na5 9. Ng3 b5 10. Bh6 b4 11. Bxg7 Kxg7 12. Nd5 Nxd5 13. cxd5 c6 14. dxc6 Nxc6
15. d5 Ne5 16. f4 Ng4 17. h3 Nf6 18. Qxb4 Bd7 19. Bc4 Qc7 20. O-O Rfc8 21. b3
Qa7+ 22. Kh2 h5 23. Qe1 Rh8 24. Rc1 Qd4 25. Rd1 Qc5 26. Rf2 h4 27. Nh1 Bb5 28.
Rc2 Nd7 29. a4 Bxc4 30. Rxc4 Qb6 31. Qc3+ f6 32. a5 Qb8 33. Rc1 Ra7 34. Nf2 Rb7
35. b4 Qa7 36. Qd4 Qxd4 37. Rxd4 g5 38. f5 Ne5 39. Ng4 1/2-1/2

[Event "TCh-FRA Top 12 2017"]
[Site "Chartres FRA"]
[Date "2017.05.19"]
[Round "2.6"]
[Board "3"]
[White "Ragger, Markus"]
[Black "Baklan, Vladimir"]
[Result "1/2-1/2"]
[WhiteTitle "GM"]
[BlackTitle "GM"]
[WhiteElo "2680"]
[BlackElo "2594"]
[WhiteTeam "BISCHWILLER"]
[BlackTeam "C.E. STRASBOURG"]
[WhiteFideId "1610856"]
[BlackFideId "14102196"]
[EventDate "2017.05.18"]

1. d4 Nf6 2. c4 g6 3. Nc3 Bg7 4. e4 d6 5. Nf3 O-O 6. Be2 e5 7. O-O c6 8. d5 Na6
9. Ne1 Nc5 10. f3 cxd5 11. cxd5 Nh5 12. Rf2 f5 13. b4 Nd7 14. Nd3 Nf4 15. Be3
Bh6 16. Nxf4 1/2-1/2

[Event "TCh-FRA Top 12 2017"]
[Site "Chartres FRA"]
[Date "2017.05.19"]
[Round "2.6"]
[Board "4"]
[White "Rozentalis, Eduardas"]
[Black "Maze, Sebastien"]
[Result "1/2-1/2"]
[WhiteTitle "GM"]
[BlackTitle "GM"]
[WhiteElo "2535"]
[BlackElo "2619"]
[WhiteTeam "C.E. STRASBOURG"]
[BlackTeam "BISCHWILLER"]
[WhiteFideId "12800023"]
[BlackFideId "613762"]
[EventDate "2017.05.18"]

1. e4 e5 2. Nf3 Nc6 3. Bb5 Nf6 4. d3 d6 5. O-O Be7 6. c3 O-O 7. Re1 a6 8. Ba4 b5
9. Bc2 d5 10. Nbd2 d4 11. a3 h6 12. Nf1 Re8 13. Ng3 Bf8 14. h3 Rb8 15. Bd2 Qd6
16. cxd4 Nxd4 17. Nxd4 Qxd4 18. b4 Be6 19. Be3 Qd8 20. Bb3 Qd7 21. Qc2 Rbc8 22.
Bxe6 Rxe6 23. Rad1 c5 24. bxc5 Bxc5 25. Bxc5 Rec6 26. d4 exd4 27. e5 1/2-1/2

[Event "TCh-FRA Top 12 2017"]
[Site "Chartres FRA"]
[Date "2017.05.19"]
[Round "2.6"]
[Board "6"]
[White "Heinz, Timothee"]
[Black "Le Roux, Jean-Pierre"]
[Result "1/2-1/2"]
[WhiteTitle "FM"]
[BlackTitle "GM"]
[WhiteElo "2353"]
[BlackElo "2538"]
[WhiteTeam "C.E. STRASBOURG"]
[BlackTeam "BISCHWILLER"]
[WhiteFideId "623369"]
[BlackFideId "609404"]
[EventDate "2017.05.18"]

1. c4 Nf6 2. Nc3 e5 3. g3 Bb4 4. Nf3 Bxc3 5. dxc3 d6 6. Bg2 Nbd7 7. Nd2 Rb8 8.
Qc2 a6 9. O-O O-O 10. b3 b5 11. Ba3 Re8 12. Rfd1 Bb7 13. Bxb7 Rxb7 14. e4 Qc8
15. Qd3 Nf8 16. c5 Ne6 17. cxd6 cxd6 18. h4 h6 19. Qf3 Qc6 20. Re1 a5 21. Rac1
Ra8 22. Qd3 Rd7 23. Nf3 Qb7 24. Qe2 b4 25. Bb2 bxc3 26. Rxc3 a4 27. Ba3 axb3 28.
Rxb3 Qc6 29. Bb4 Nc5 30. Bxc5 Qxc5 31. Qb2 Rc7 32. Rb8+ Rxb8 33. Qxb8+ Kh7 34.
Qb3 Qa7 35. Qd3 Rc6 36. Re2 Ra6 37. a4 g6 38. Ra2 Kg7 39. Nd2 Rxa4 40. Rxa4 Qxa4
41. Nc4 Qb5 42. Kg2 h5 43. Kg1 Qa6 44. Kg2 Qb5 45. Kg1 Ng4 46. Kg2 Qc5 47. Ne3
Nxe3+ 48. fxe3 Qc6 49. Kh2 Kf8 50. Kg1 Ke7 51. Kf2 Qc1 52. Qd5 Qc2+ 53. Kf3 f5
54. exf5 gxf5 55. Qa8 e4+ 56. Kf4 Qf2+ 57. Kg5 Qxg3+ 58. Kxh5 Qg4+ 59. Kh6 Qxh4+
60. Kg6 Qg4+ 61. Kh6 Qh4+ 62. Kg6 Qf6+ 63. Kh5 Kf7 64. Qf8+ Kxf8 1/2-1/2

[Event "TCh-FRA Top 12 2017"]
[Site "Chartres FRA"]
[Date "2017.05.19"]
[Round "2.6"]
[Board "8"]
[White "Sharif, Mehrshad"]
[Black "Maisuradze, Nino"]
[Result "1/2-1/2"]
[WhiteTitle "IM"]
[BlackTitle "WGM"]
[WhiteElo "2363"]
[BlackElo "2260"]
[WhiteTeam "C.E. STRASBOURG"]
[BlackTeam "BISCHWILLER"]
[WhiteFideId "600121"]
[BlackFideId "13601717"]
[EventDate "2017.05.18"]

1. Nf3 d5 2. g3 Nf6 3. Bg2 c6 4. O-O Bg4 5. c4 e6 6. d3 Nbd7 7. cxd5 cxd5 8. Qb3
Qb6 9. Qxb6 Nxb6 10. Nc3 Rc8 11. Bf4 a6 12. Rac1 Bc5 13. Rc2 O-O 14. Rfc1 Nfd7
15. Ne5 Nxe5 16. Bxe5 f6 17. Bf4 Bd4 18. Bd6 1/2-1/2

[Event "TCh-FRA Top 12 2017"]
[Site "Chartres FRA"]
[Date "2017.05.20"]
[Round "3.1"]
[Board "4"]
[White "Istratescu, Andrei"]
[Black "Sebag, Marie"]
[Result "1/2-1/2"]
[WhiteTitle "GM"]
[BlackTitle "GM"]
[WhiteElo "2596"]
[BlackElo "2488"]
[WhiteTeam "MULHOUSE Philidor"]
[BlackTeam "C.E. STRASBOURG"]
[WhiteFideId "1200372"]
[BlackFideId "617822"]
[EventDate "2017.05.18"]

1. d4 d5 2. c4 c6 3. Nf3 Nf6 4. Nc3 dxc4 5. a4 Bf5 6. Ne5 Nbd7 7. Nxc4 Nb6 8.
Ne5 a5 9. h4 Nbd7 10. Qb3 Nxe5 11. dxe5 Nd7 12. Qxb7 Nxe5 13. Bf4 Rb8 14. Qa7 f6
15. Bxe5 fxe5 16. g4 Bxg4 17. Bg2 Qb6 18. Bxc6+ Kf7 19. Bd5+ Ke8 20. Qxb6 Rxb6
21. Rg1 Bd7 22. O-O-O g6 23. Bc4 e6 24. h5 gxh5 25. Rh1 Bb4 26. Bb5 Bxb5 27.
Nxb5 Rf8 28. Rxh5 Rc6+ 29. Kb1 Rxf2 30. Rxh7 Rf7 31. Rxf7 Kxf7 32. Rc1 Rb6 33.
Rf1+ Ke7 34. Kc2 Rc6+ 35. Kb3 Rc8 36. Rh1 Rg8 37. Rh5 Rg3+ 38. Kc2 Re3 39. Rh2
Kd7 40. Nc3 Bxc3 41. bxc3 Kc6 42. Kb3 Kc5 43. Rh8 Rxe2 44. Ra8 e4 45. Rxa5+ Kd6
46. Kc4 Rd2 47. Rh5 Rd1 48. a5 e3 49. Rh2 Ra1 1/2-1/2

[Event "TCh-FRA Top 12 2017"]
[Site "Chartres FRA"]
[Date "2017.05.20"]
[Round "3.1"]
[Board "6"]
[White "Ider, Borya"]
[Black "Heinz, Timothee"]
[Result "1/2-1/2"]
[WhiteTitle "IM"]
[BlackTitle "FM"]
[WhiteElo "2456"]
[BlackElo "2353"]
[WhiteTeam "MULHOUSE Philidor"]
[BlackTeam "C.E. STRASBOURG"]
[WhiteFideId "4901134"]
[BlackFideId "623369"]
[EventDate "2017.05.18"]

1. d4 d5 2. c4 c6 3. Nf3 Nf6 4. Qb3 dxc4 5. Qxc4 Bf5 6. g3 Nbd7 7. Bg2 e6 8. O-O
Be7 9. e3 O-O 10. Qe2 Ne4 11. Nc3 Nxc3 12. bxc3 Be4 13. Nd2 Bxg2 14. Kxg2 c5 15.
Rb1 Nb6 16. Qf3 Qd7 17. Ba3 Rac8 18. Ne4 cxd4 19. Bxe7 Qxe7 20. cxd4 Nd5 21.
Rfc1 b6 22. Nd2 Qb7 23. e4 Nf6 24. e5 Qxf3+ 25. Kxf3 Nd5 26. Ne4 f6 27. Kg2 Rxc1
28. Rxc1 Kf7 29. f4 Ke7 30. h4 Kd7 31. Nd6 Rg8 32. Kf3 f5 33. h5 g6 34. h6 g5
35. fxg5 Rxg5 36. Rc8 Rg6 37. Ra8 Rxh6 38. Rxa7+ Kc6 39. Nf7 Rg6 40. Nd8+ Kb5
41. Rxh7 Kc4 42. Nc6 b5 43. Ne7 Nxe7 44. Rxe7 Kxd4 45. Rb7 Kc4 46. Rb6 b4 47.
Rd6 Kc3 48. Rb6 Kc4 49. Rd6 Kc5 50. Kf4 Rg4+ 51. Kf3 Rg6 52. Kf4 Rg4+ 1/2-1/2

[Event "TCh-FRA Top 12 2017"]
[Site "Chartres FRA"]
[Date "2017.05.20"]
[Round "3.2"]
[Board "6"]
[White "Le Borgne, Pierre"]
[Black "Barbot, Pierre1"]
[Result "1/2-1/2"]
[BlackTitle "IM"]
[WhiteElo "2234"]
[BlackElo "2456"]
[WhiteTeam "Club d' Echecs Lexovien, LISIEUX"]
[BlackTeam "CLICHY Echecs 92"]
[WhiteFideId "624799"]
[BlackFideId "663727"]
[EventDate "2017.05.18"]

1. e4 e5 2. Nf3 Nc6 3. Bb5 g6 4. c3 a6 5. Ba4 d6 6. d4 Bd7 7. O-O Bg7 8. Re1
Nge7 9. d5 Nb8 10. Bxd7+ Nxd7 11. c4 O-O 12. Nc3 h6 13. b4 f5 14. Nd2 Nf6 15. f3
c6 16. Nb3 Qb6+ 17. c5 Qxb4 18. Bd2 Rad8 19. dxc6 Nxc6 20. Nd5 Qc4 21. Rc1 Qa4
22. Nb6 Qa3 1/2-1/2

[Event "TCh-FRA Top 12 2017"]
[Site "Chartres FRA"]
[Date "2017.05.20"]
[Round "3.3"]
[Board "2"]
[White "Jobava, Baadur"]
[Black "Brochet, Philippe"]
[Result "1/2-1/2"]
[WhiteTitle "GM"]
[BlackTitle "IM"]
[WhiteElo "2713"]
[BlackElo "2409"]
[WhiteTeam "TREMBLAY EN FRANCE"]
[BlackTeam "Echecs Club MONTPELLIER"]
[WhiteFideId "13601520"]
[BlackFideId "602469"]
[EventDate "2017.05.18"]

1. b3 e5 2. Bb2 Nc6 3. e3 Nf6 4. Bb5 Bd6 5. Na3 e4 6. Nc4 Be7 7. Bxc6 dxc6 8.
Ne2 h5 9. h3 Bf5 10. a4 h4 11. Nf4 g5 12. Ne2 Qd5 13. a5 O-O-O 14. Be5 Rhg8 15.
Nd4 Bd7 16. Bh2 g4 17. hxg4 Rxg4 18. Qe2 Rxg2 19. Qf1 Bh3 20. Bxc7 Rdg8 21.
O-O-O Rh2 22. Qe1 Rxh1 23. Qxh1 Bg4 24. Qh2 Bxd1 25. Bb6 Bd8 26. Bxd8 Rxd8 27.
Qxh4 Bxc2 28. Kxc2 Nd7 29. a6 bxa6 30. Kd1 Nb6 31. Qe7 Rd7 32. Qe8+ Rd8 33. Qe7
Nxc4 34. bxc4 Qxc4 35. Qxa7 Rxd4 36. exd4 Qb3+ 37. Kc1 Qc4+ 38. Kd1 Qf1+ 39. Kc2
Qxf2 40. Qxa6+ Kd8 41. Qb6+ Kd7 42. Qa7+ Ke8 43. Qb8+ Kd7 1/2-1/2